Länder Afrikas nach Bevölkerungsdichte (beliebige Reihenfolge) - Statistiken

Allgemein
  • Dieses Quiz wurde 8 mal gespielt
  • Das Durchschnittsergebnis liegt bei 42 aus 54
Antwortstatistiken
Hint Antwort % Korrekt
103 EW/km² Ägypten
100%
18,9 EW/km² Algerien
100%
112 EW/km² Äthiopien
100%
42,2 EW/km² Demokratische Republik Kongo
100%
87,5 EW/km² Elfenbeinküste
100%
82,2 EW/km² Marokko
100%
17,5 EW/km² Republik Kongo
100%
25,2 EW/km² Sudan
100%
16,9 EW/km² Südsudan
100%
155 EW/km² Togo
100%
69,1 EW/km² Eswatini
86%
140 EW/km² Ghana
86%
93 EW/km² Kenia
86%
3,86 EW/km² Libyen
86%
20,7 EW/km² Niger
86%
237 EW/km² Nigeria
86%
220 EW/km² Seychellen
86%
121 EW/km² Sierra Leone
86%
49,7 EW/km² Südafrika
86%
69,1 EW/km² Tansania
86%
13,8 EW/km² Tschad
86%
72,1 EW/km² Tunesien
86%
28,6 EW/km² Angola
71%
119 EW/km² Benin
71%
82,8 EW/km² Burkina Faso
71%
464 EW/km² Burundi
71%
31,5 EW/km² Eritrea
71%
8,97 EW/km² Gabun
71%
239 EW/km² Gambia
71%
149 EW/km² Kap Verde
71%
358 EW/km² Komoren
71%
75,8 EW/km² Lesotho
71%
47,6 EW/km² Liberia
71%
50,4 EW/km² Madagaskar
71%
18,2 EW/km² Mali
71%
618 EW/km² Mauritius
71%
41,3 EW/km² Mosambik
71%
3,15 EW/km² Namibia
71%
524 EW/km² Ruanda
71%
26,6 EW/km² Sambia
71%
207 EW/km² São Tomé und Príncipe
71%
41,7 EW/km² Simbabwe
71%
27,6 EW/km² Somalia
71%
8,99 EW/km² Zentralafrikanische Republik
71%
60,6 EW/km² Äquatorialguinea
57%
4,47 EW/km² Botswana
57%
47,4 EW/km² Dschibuti
57%
56,5 EW/km² Guinea
57%
58,1 EW/km² Guinea-Bissau
57%
172 EW/km² Malawi
57%
4,56 EW/km² Mauretanien
57%
91 EW/km² Senegal
57%
196 EW/km² Uganda
57%
58,7 EW/km² Kamerun
43%
Keine übereinstimmenden Quizze gefunden
Verteilung der Resultate
Anzahl Personen mit jedem Resultat
Perzentil nach korrekt beantworteten Fragen
Ihre Resultats-Entwicklung
Sie haben dieses Quiz noch nicht gespielt